[Event "Bayamo Cespedes Memorial op"]
[Site "Bayamo"]
[Date "2017.03.06"]
[Round "8.11"]
[White "Fernandez Rivero, Karla July"]
[Black "Luis Napoles, Rigoberto"]
[Result "1-0"]
[WhiteElo "2031"]
[BlackElo "2073"]
[PlyCount "99"]
[EventDate "2017.03.01"]
[EventType "swiss"]
[EventRounds "9"]
[EventCountry "CUB"]
[SourceTitle "EXT 2023"]
[Source "ChessBase"]
[SourceDate "2022.10.05"]
[SourceVersion "1"]
[SourceVersionDate "2022.10.05"]
[SourceQuality "1"]

1. d4 Nf6 2. c4 c5 3. d5 e5 4. Nc3 d6 5. e4 Nbd7 6. Be2 Be7 7. Nf3 0-0 8. 0-0 Ne8 9. a3 g6 10. Ne1 Bg5 11. Nd3 a6 12. b4 b6 13. Rb1 Ng7 14. Bd2 f5 15. f3 Bxd2 16. Qxd2 f4 17. bxc5 bxc5 18. Na4 g5 19. Rb2 h6 20. Rfb1 Rf6 21. Nc1 Rg6 22. Nb3 g4 23. Na5 Qh4 24. Qe1 g3 25. h3 Kh7 26. Bf1 Ne8 27. Nc6 Rg7 28. Qa5 Qf6 29. Qd8 Qxd8 30. Nxd8 a5 31. Nc6 Nc7 32. Nc3 a4 33. Be2 Ba6 34. Nb8 Bc8 35. Nc6 Ba6 36. Kf1 h5 37. Ke1 Rf7 38. Kd2 Kg7 39. Kd3 Nf6 40. Bd1 Bc8 41. Nxa4 Bd7 42. Ra2 Bxc6 43. dxc6 Ra6 44. Rb6 Rf8 45. Rab2 Rxb6 46. Rxb6 Rc8 47. Nc3 Ne6 48. Nb5 Nd4 49. Nxd6 Nxc6 50. Nxc8 1-0

[Event "Bayamo Cespedes Memorial op"]
[Site "Bayamo"]
[Date "2017.03.05"]
[Round "6.10"]
[White "Obregon Garcia, Roxangel"]
[Black "Luis Napoles, Rigoberto"]
[Result "1-0"]
[WhiteElo "1953"]
[BlackElo "2073"]
[PlyCount "69"]
[EventDate "2017.03.01"]
[EventType "swiss"]
[EventRounds "9"]
[EventCountry "CUB"]
[SourceTitle "EXT 2023"]
[Source "ChessBase"]
[SourceDate "2022.10.05"]
[SourceVersion "1"]
[SourceVersionDate "2022.10.05"]
[SourceQuality "1"]

1. e4 c5 2. Nf3 d6 3. d4 cxd4 4. Nxd4 Nf6 5. Nc3 a6 6. Be3 e5 7. Nb3 Be6 8. h3 b5 9. g4 h6 10. Bg2 Nbd7 11. Nd5 Bxd5 12. exd5 Rc8 13. Qd2 Qc7 14. Rc1 e4 15. 0-0 Be7 16. Nd4 g6 17. Bxh6 Qc5 18. Be3 Qxd5 19. f4 Rh7 20. Rce1 Nc5 21. Bf2 Ne6 22. g5 Rc4 23. c3 Nxf4 24. Qxf4 Nh5 25. Qxe4 Qxg5 26. Qa8+ Kd7 27. Kh1 d5 28. Qxd5+ Qxd5 29. Bxd5 Rc5 30. Bc6+ Kd6 31. Bg2 Rg5 32. Bh4 Ng3+ 33. Bxg3+ Rxg3 34. Rd1 Kc7 35. Rf3 1-0

[Event "Bayamo Cespedes Memorial op"]
[Site "Bayamo"]
[Date "2017.03.03"]
[Round "3.6"]
[White "Antunez, Soler Luis"]
[Black "Luis Napoles, Rigoberto"]
[Result "1/2-1/2"]
[WhiteElo "2136"]
[BlackElo "2073"]
[PlyCount "100"]
[EventDate "2017.03.01"]
[EventType "swiss"]
[EventRounds "9"]
[EventCountry "CUB"]
[SourceTitle "EXT 2023"]
[Source "ChessBase"]
[SourceDate "2022.10.05"]
[SourceVersion "1"]
[SourceVersionDate "2022.10.05"]
[SourceQuality "1"]

1. e4 d5 2. exd5 Qxd5 3. Nc3 Qa5 4. d4 Nf6 5. Nf3 c6 6. Ne5 Be6 7. Bc4 Bxc4 8. Nxc4 Qc7 9. Qf3 e6 10. Bf4 Qd8 11. 0-0-0 Be7 12. h4 Nd5 13. Ne4 0-0 14. Bd2 Nf6 15. Nxf6+ Bxf6 16. Bf4 Qd5 17. Qxd5 cxd5 18. Ne5 Bxe5 19. Bxe5 Nc6 20. Bd6 Rfd8 21. Bf4 Rac8 22. Rhe1 Nb4 23. c3 b5 24. Kb1 Na6 25. h5 b4 26. cxb4 Nxb4 27. a3 Nc6 28. g4 Na5 29. g5 Nc4 30. g6 hxg6 31. hxg6 Rd7 32. Rd3 Rb7 33. gxf7+ Kxf7 34. Re2 Rc6 35. Ka2 Ra6 36. Rg3 Nd6 37. Be5 Nf5 38. Rc3 Rd7 39. Rec2 Rb6 40. Rc8 Ne7 41. R8c5 Nf5 42. b4 Nd6 43. Rc7 Ke8 44. Rxd7 Kxd7 45. Bxg7 Nc4 46. Be5 a5 47. bxa5 Ra6 48. Rc3 Rxa5 49. Rb3 Kc6 50. Bg3 Ra8 1/2-1/2